00743nam a22001937a 450000500170000001000150001702000260003203500130005803700130007108200080008410000210009224501210011326000470023427000650028130000310034694200220037799900170039995201330041620140407123056.0 aENG-109594 a9788172543518c350.00 aEN-93127 bDBAD/PUB a000 aSubburaj, V.V.K. aSura's CMAT (common management admission test) for all management programmes approved by AICTE /cby V.V.K. Subburaj aChennaibSura College of Competitionc2013 a1620, 'J' Block, 16th Main Road, Anna NagarbChennaie600040 avaroius pagingsc24cm(pbk) 2ddccENmSUBh000 c83128d83128 001040718NFICaDBADbDBADd2014-03-21eDBAD/PUBg350.00l0o000 SUBpEN-93127r2014-03-21 00:00:00t1v350.00w2014-03-21yEN